| Tag |
First Indicator |
Second Indicator |
Subfields |
| LEADER |
00000cas a2200000 4500 |
| 001 |
in00002012192 |
| 005 |
20151031153901.0 |
| 008 |
760712c19009999at mrzp s0 a0eng |
| 010 |
|
|
|a sf 80001283
|
| 022 |
|
|
|a 0033-6149
|
| 030 |
|
|
|a QGMJAZ
|
| 035 |
|
|
|a (OCoLC)ocm02450005
|
| 037 |
|
|
|b Dept. of Mines, 18th Floor, Watkins Pl., 288 Edwards St., Brisbane 4000 Australia
|
| 040 |
|
|
|a DLC
|c QPR
|d COO
|d YUS
|d HUL
|d DLC
|d OCL
|d AIP
|d DLC
|d NYG
|d NST
|d OCLCQ
|d TXA
|d UtOrBLW
|
| 042 |
|
|
|a lc
|
| 043 |
|
|
|a u-at-qn
|
| 049 |
|
|
|a TXAM
|
| 050 |
0 |
0 |
|a TN1
|b .Q8
|
| 210 |
0 |
|
|a Queensl. gov. min. j.
|
| 222 |
|
0 |
|a Queensland government mining journal
|
| 245 |
0 |
0 |
|a Queensland government mining journal.
|
| 264 |
|
1 |
|a [Brisbane] :
|b [Dept. of Mines]
|
| 300 |
|
|
|a volumes :
|b illustrations ;
|c 28 cm.
|
| 336 |
|
|
|a text
|b txt
|2 rdacontent
|
| 337 |
|
|
|a unmediated
|b n
|2 rdamedia
|
| 338 |
|
|
|a volume
|b nc
|2 rdacarrier
|
| 362 |
0 |
|
|a v. 1- (no. 1- ); June 1900-
|
| 515 |
|
|
|a Suspended Mar. 1942-July 1943.
|
| 710 |
1 |
|
|a Queensland.
|b Department of Mines.
|
| 850 |
|
|
|a CU
|a ICarbS
|a N
|a NN
|
| 994 |
|
|
|a E0
|b TXA
|
| 948 |
|
|
|a Cataloged
|b h
|c 2004/12/17
|d c
|e mshipova
|f 10:49:07 am
|
| 999 |
|
|
|a MARS
|
| 999 |
f |
f |
|s 31438919-1228-36b9-aa99-8823494a3207
|i 2d11cebf-794e-33a1-806e-7db2bf94c58c
|t 0
|
| 952 |
f |
f |
|p ric
|a Texas A&M University
|b Rellis Campus
|c Joint Library Facility
|d Remote Storage
|t 0
|e TN1 .Q8
|h Library of Congress classification
|i unmediated -- volume
|k v.45:no.507-518
|l 1944
|m A14831681284
|
| 998 |
f |
f |
|a TN1 .Q8
|s v.45 (1944)
|t 0
|l Remote Storage
|